Statistics for ヨーロッパの国旗

Click here to take the quiz!

General Stats

  • This quiz has been taken 410 times
  • The average score is 29 of 45

Answer Stats

Answer% Correct
イギリス
100%
ドイツ
100%
スペイン
99%
ポルトガル
94%
フランス
87%
ロシア
86%
スウェーデン
84%
フィンランド
84%
イタリア
83%
ノルウェー
83%
デンマーク
82%
オランダ
80%
スイス
80%
ウクライナ
75%
ベルギー
75%
アイスランド
73%
ルクセンブルク
72%
ポーランド
69%
オーストリア
69%
アイルランド
69%
バチカン市国
68%
北マケドニア
67%
ギリシア
63%
チェコ
63%
ハンガリー
62%
ブルガリア
61%
ルーマニア
58%
アルバニア
57%
マルタ
56%
モナコ
55%
クロアチア
54%
ラトビア
52%
サンマリノ
52%
エストニア
50%
スロバキア
48%
ベラルーシ
44%
セルビア
41%
コソボ
41%
スロベニア
40%
リトアニア
39%
ボスニアヘルツェゴビナ
39%
モルドバ
37%
アンドラ
36%
リヒテンシュタイン
36%
モンテネグロ
31%

Score Distribution

Percentile by Number Answered

Percent of People with Each Score

Your Score History

You have not taken this quiz